书目信息 |
| 题名: |
新编日语中级口语
|
|
| 作者: | 周琛 , 宫海峰 , 陶友公 主编 | |
| 分册: | ||
| 出版信息: | 南京 东南大学出版社 2004.04 |
|
| 页数: | 181页 | |
| 开本: | 23cm | |
| 丛书名: | ||
| 单 册: | ||
| 中图分类: | H369.9 | |
| 科图分类: | ||
| 主题词: | 日语--ri yu--口语 | |
| 电子资源: | ||
| ISBN: | 7-81089-396-3 | |
| 000 | 00861nam0 2200241 450 | |
| 001 | 012006811406 | |
| 005 | 20070611155242.10 | |
| 010 | @a7-81089-396-3@dCNY17.00 | |
| 100 | @a20061213d2004 km y0chiy0120 ea | |
| 101 | 0 | @achi@ajpn |
| 102 | @aCN@b320000 | |
| 105 | @ay z 000yy | |
| 200 | 1 | @a新编日语中级口语@Axin bian ri yu zhong ji kou yu@f陶友公, 周琛, 宫海峰主编@Ftao you gong,zhou chen,gong hai feng zhu bian |
| 210 | @a南京@c东南大学出版社@d2004.04 | |
| 215 | @a181页@d23cm | |
| 330 | @a本书设置了一些模拟场景及讨论,力求学习者学会在“会话过程中学习组织、利用材料描述完整事件,进行信息交流、表达复杂思想”等技能。 | |
| 606 | 0 | @a日语@Ari yu@x口语 |
| 690 | @aH369.9@v4 | |
| 701 | 0 | @a周琛@Azhou chen@4主编 |
| 701 | 0 | @a宫海峰@Agong hai feng@4主编 |
| 701 | 0 | @a陶友公@Atao you gong@4主编 |
| 801 | 0 | @aCN@c20070611 |
| 905 | @a10447@dH369.9@eT351 | |
| 新编日语中级口语/陶友公, 周琛, 宫海峰主编.-南京:东南大学出版社,2004.04 |
| 181页;23cm |
| ISBN 7-81089-396-3:CNY17.00 |
| 本书设置了一些模拟场景及讨论,力求学习者学会在“会话过程中学习组织、利用材料描述完整事件,进行信息交流、表达复杂思想”等技能。 |
| ● |
| 相关链接 |
|
|
|
正题名:新编日语中级口语
索取号:H369.9/T351
 
预约/预借
| 序号 | 登录号 | 条形码 | 馆藏地/架位号 | 状态 | 备注 |
| 1 | 230527 | 202305273 | 语言库209/209语言库 134排2列4层/ [索取号:H369.9/T351] | 在馆 | |
| 2 | 230528 | 202305282 | 语言库209/209语言库 134排2列4层/ [索取号:H369.9/T351] | 在馆 | |
| 3 | 230529 | 202305291 | 语言库209/209语言库 134排2列4层/ [索取号:H369.9/T351] | 在馆 |